000 00383nam a22001337a 4500
005 20190309121959.0
008 190309b xxu||||| |||| 00| 0 eng d
041 _aeng
100 _aNISM, National institute of securities markets
_94898
245 _aCOMMODITY INSIGHTS yearbook 2018
260 _bNISM, NATIONAL INSTITUTE OF SECURITIES MARKETS
_c2018
300 _a185p,
942 _cBK
999 _c5771
_d5769